Soukromý život Alberta Einsteina /

Gespeichert in:
Bibliographische Detailangaben
Hauptverfasser: Highfield, Roger (Verfasst von), Carter, Paul (Verfasst von)
Format: Buch
Sprache:Tschechisch
Veröffentlicht: Praha : Lidové noviny, 1993
Tags: Tag hinzufügen
Keine Tags, Fügen Sie das erste Tag hinzu!

MARC

LEADER 00000nam a22000003a 4500
001 stu31950
005 20150617225657.9
008 950119s1993----cs------------------cze-d
020 |a 80-7106-060-7 
040 |a STU  |b slo 
041 0 |a cze 
044 |a cs 
080 |a 929/Albert Einstein 
100 1 |a Highfield, Roger  |4 aut 
245 1 |a Soukromý život Alberta Einsteina /  |c [aut.] Highfield,Roger; Carter,Paul 
260 |a Praha :  |b Lidové noviny,  |c 1993 
300 |a 268 s 
700 1 |a Carter, Paul  |4 aut 
996 |b J91144  |c J*91144  |l JJSK  |s A  |a 24  |w stu31950_0001